000 00874nam a22002177a 4500
005 20180528140500.0
010 _aB-680830-834
020 _a9788123019796
_c335.00
035 _aEN-99534
037 _bBookwell
_adpl
082 _a605.40954
245 _aIndian women contemporary essays /
_cedited by Devaki Jain [and] C.P. Sujaya
260 _aNew Delhi
_bPublication Division Minstry of Information and Broadcasting Govt Of India
_c2015
270 _aSoochna Bhawan CGO Complex,Lodhi Road
_bNew Delhi
_e110003
300 _a235p. :
_bill.
_c23cm(Hb)
500 _aIncludes index
700 _aJain, Devaki
700 _aSujaya, C.P.
942 _2ddc
_cEN
_h305.40954
_mIND
999 _c152317
_d152317